000 01238cam a22003497a 4500
003 CHAP
005 20220329135414.0
008 971013s1984 r 00010 d
010 _a35887
011 _a36859
035 _a40978
040 _cCHAP
090 _aTesis
100 0 0 _aOceguera Rodríguez, José Guadalupe.
_982647
245 1 3 _aLa industria azucarera en México y diagnóstico de campo del ingenio Plan de Ayala
260 _aChapingo, Méx. :
_bEl autor,
_c1984
300 _a87 h. anexo
502 _aTesis (Ing. Agr. Esp. en Economía) -- UACH. Departamento de Economía Agrícola
590 _aALEPH
_b10
_c20130110
_lUCH01
_h1301
590 _aBATCH-UPD
_b10
_c20130109
_lUCH01
_h2334
590 _aBATCH-UPD
_b10
_c20130110
_lUCH01
_h2124
590 _aBATCH-UPD
_b10
_c20130409
_lUCH01
_h1901
590 _aBATCH-UPD
_b10
_c20130410
_lUCH01
_h1434
590 _aBATCH-UPD
_b10
_c20130914
_lUCH01
_h1634
590 _aCONVERSION
_b10
_c20130109
_lUCH01
_h1320
650 1 4 _aIndustria azucarera
_xSan Luis Potosí.
_957795
650 1 4 _aIngenio Ejidal Plan de Ayala, SLP.
_958292
650 1 4 _aIngenios azucareros
_xSan Luis Potosí.
_958313
901 _aBK
942 _cTESIS
949 _bBC
_cTES
_d-93830
_eTS1
_i40978
_si
999 _c35887
_d35887